| 000 | 01128nam a22003497a 4500 | ||
|---|---|---|---|
| 999 |
_c200451902 _d70114 |
||
| 001 | 200451902 | ||
| 003 | TR-AnTOB | ||
| 005 | 20230823152406.0 | ||
| 007 | ta | ||
| 008 | 080108s2021$$$$tu#a###$r01###$$$$#tur u | ||
| 020 | _a9789754034134 | ||
| 040 |
_aTR-AnTOB _beng _erda _cTR-AnTOB |
||
| 041 | 1 |
_atur _heng |
|
| 092 |
_a630 _bMILç 2021 |
||
| 100 | 1 |
_aMilbourne, Anna. _eauthor |
|
| 240 | 1 | 0 | _aOn the farm |
| 245 | 1 | 0 |
_aÇiftlikte / _cAnna Milbourne ; Çeviren: Umut Hasdemir ; Resimleyen: Alessandra Roberti. |
| 250 | _a1. baskı | ||
| 264 | 1 |
_aAnkara : _bTÜBİTAK, _c2021. |
|
| 300 |
_a24 pages : _billustrations ; _c25 cm. |
||
| 336 |
_atext _btxt _2rdacontent |
||
| 337 |
_aunmediated _bn _2rdamedia |
||
| 338 |
_avolume _bnc _2rdacarrier |
||
| 490 | 0 |
_aTÜBİTAK Popüler Bilim Kitapları ; _v256. |
|
| 521 | _aÇocuk | ||
| 653 |
_aÇocuk edebiyatı _aÇocuk hikayeleri _aÇiftlik yaşamı _aÇiftlikler _aÇiftlik hayvanları |
||
| 700 | 1 |
_aHasdemir, Umut _etranslator _9140615 |
|
| 700 | 1 |
_aRoberti, Alessandra _eillustrator _9140653 |
|
| 942 |
_2ddc _cBK |
||